[Event "EU Small Countries ol 8th"]
[Site "St Helier"]
[Date "2023.11.01"]
[Round "5.1"]
[White "Michaelides, Konstantinos"]
[Black "Righi, Ezio"]
[Result "1-0"]
[WhiteElo "2275"]
[BlackElo "1846"]
[PlyCount "73"]
[EventDate "2023.10.29"]
[EventType "team-tourn"]
[EventRounds "9"]
[EventCountry "GCI"]
[SourceTitle "Mega2024 Update 01"]
[Source "Chessbase"]
[SourceDate "2023.11.12"]
[SourceVersion "1"]
[SourceVersionDate "2023.11.12"]
[SourceQuality "1"]
[WhiteTeam "Cyprus"]
[BlackTeam "San Marino"]
[WhiteTeamCountry "CYP"]
[BlackTeamCountry "SMR"]

1. Nf3 d5 2. g3 c6 3. Bg2 Nf6 4. c4 e6 5. d4 Be7 6. 0-0 0-0 7. Nbd2 b5 8. cxb5 cxb5 9. a4 b4 10. Ne5 Bb7 11. Nb3 Nbd7 12. Nd3 a5 13. Bf4 Qb6 14. f3 Ne8 15. Rc1 Bc6 16. Nbc5 Nd6 17. Bh3 Rac8 18. b3 Nb7 19. Nxd7 Bxd7 20. Ne5 Rcd8 21. Qd2 f6 22. Nxd7 Rxd7 23. Rc2 f5 24. Rfc1 Bd6 25. Rc6 Qd8 26. Bf1 h6 27. R1c2 Qf6 28. Bxd6 Nxd6 29. R2c5 Ne4 30. fxe4 fxe4 31. Bg2 Qf2+ 32. Kh1 e3 33. Qd1 Rdf7 34. Rc8 Rxc8 35. Rxc8+ Kh7 36. Qd3+ g6 37. Rc1 1-0

[Event "Olympiad-44"]
[Site "Chennai"]
[Date "2022.08.09"]
[Round "11.3"]
[White "Merhawi Gebrehiwet, Samuel"]
[Black "Righi, Ezio"]
[Result "1/2-1/2"]
[WhiteElo "1616"]
[BlackElo "1912"]
[PlyCount "85"]
[EventDate "2022.07.29"]
[EventType "team-swiss"]
[EventRounds "11"]
[EventCountry "IND"]
[SourceTitle "CBM 210"]
[Source "ChessBase"]
[SourceDate "2022.10.31"]
[SourceVersion "1"]
[SourceVersionDate "2022.10.31"]
[SourceQuality "1"]
[WhiteTeam "Eritrea"]
[BlackTeam "San Marino"]
[WhiteTeamCountry "ERI"]
[BlackTeamCountry "SMR"]

1. d4 d5 2. c4 e6 3. Nf3 c6 4. b3 Nf6 5. e3 Nbd7 6. Bd3 Bd6 7. 0-0 0-0 8. Nbd2 Re8 9. Bb2 e5 10. dxe5 Nxe5 11. Nxe5 Bxe5 12. Bxe5 Rxe5 13. Qc2 h6 14. Rad1 Re8 15. h3 Be6 16. Nf3 Qe7 17. Nd4 dxc4 18. bxc4 c5 19. Nb5 Red8 20. e4 Bd7 21. Nc3 Bc6 22. Nd5 Bxd5 23. cxd5 a6 24. a4 Rab8 25. f4 b5 26. d6 Qa7 27. Qf2 Qb6 28. e5 Nd7 29. axb5 axb5 30. Bb1 c4 31. Rd4 Rbc8 32. Kh1 c3 33. Qc2 Nf8 34. Qe4 c2 35. Bxc2 Rxc2 36. f5 Qc6 37. e6 Qxe4 38. Rxe4 fxe6 39. fxe6 Nxe6 40. Rxe6 Rd2 41. Rf5 R2xd6 42. Rxd6 Rxd6 43. Rxb5 1/2-1/2

[Event "Online Olym Div4 C"]
[Site "Chess.com INT"]
[Date "2021.08.22"]
[Round "8.4"]
[White "Righi, Ezio"]
[Black "Muheto, Dieudonne"]
[Result "1/2-1/2"]
[WhiteElo "1921"]
[BlackElo "1802"]
[PlyCount "95"]
[EventDate "2021.08.20"]
[EventType "team (rapid)"]
[EventRounds "11"]
[EventCountry "USA"]
[SourceTitle "CBM 203 Extra"]
[Source "ChessBase"]
[SourceDate "2021.09.30"]
[SourceVersion "1"]
[SourceVersionDate "2021.09.30"]
[SourceQuality "1"]
[WhiteTeam "San Marino"]
[BlackTeam "Burundi"]
[WhiteTeamCountry "SMR"]
[BlackTeamCountry "BRI"]

1. e4 c6 2. d4 d5 3. Nc3 dxe4 4. Nxe4 Nd7 5. Nf3 Ndf6 6. Ng3 Bg4 7. Be2 e6 8. h3 Bxf3 9. Bxf3 Bd6 10. Ne4 Nxe4 11. Bxe4 Nf6 12. Bd3 Bc7 13. c3 Nd5 14. Qf3 Qf6 15. Qxf6 gxf6 16. Bd2 Nf4 17. Bxf4 Bxf4 18. g3 Bc7 19. 0-0-0 f5 20. Rhe1 f4 21. g4 Ke7 22. f3 Rag8 23. Rh1 h5 24. Kd2 Bb6 25. b4 a5 26. a3 axb4 27. axb4 Ra8 28. Bc2 h4 29. Ra1 Kd6 30. Kd3 e5 31. Ke4 Rae8 32. Kd3 exd4 33. Rhe1 Re3+ 34. Rxe3 dxe3 35. Ke4 Re8+ 36. Kd3 Ke5 37. Ke2 Rd8 38. Rd1 Ra8 39. Bb3 Ra3 40. Rb1 f6 41. Kd3 Ra8 42. Ke2 f5 43. Bc4 fxg4 44. hxg4 Rd8 45. Bd3 Ra8 46. Bc4 Ra3 47. Kd3 Ra8 48. Ke2 1/2-1/2

[Event "Split op 10th"]
[Site "Split"]
[Date "2021.08.04"]
[Round "6"]
[White "Bleys, Michiel"]
[Black "Righi, Ezio"]
[Result "1-0"]
[WhiteElo "2140"]
[BlackElo "1921"]
[PlyCount "79"]
[EventDate "2021.07.31"]
[EventType "swiss"]
[EventRounds "9"]
[EventCountry "CRO"]
[SourceTitle "CBM 203 Extra"]
[Source "ChessBase"]
[SourceDate "2021.09.30"]
[SourceVersion "1"]
[SourceVersionDate "2021.09.30"]
[SourceQuality "1"]

1. e4 c5 2. Nf3 e6 3. d4 cxd4 4. Nxd4 a6 5. c4 Nf6 6. Nc3 Bb4 7. Qd3 0-0 8. Be2 Nc6 9. 0-0 Bxc3 10. bxc3 Qc7 11. f4 d5 12. e5 Ne4 13. Bf3 Nc5 14. Qe3 Ne7 15. Ba3 dxc4 16. Nc6 Nxc6 17. Bxc5 Bd7 18. Bxf8 Rxf8 19. Rad1 Ne7 20. Qd4 Bb5 21. Qd6 Qxd6 22. exd6 Nd5 23. Bxd5 exd5 24. Rxd5 Rd8 25. Re1 Kf8 26. Kf2 h6 27. Rd4 Rd7 28. Re3 f6 29. Ke1 Kf7 30. f5 Kf8 31. Re6 Kf7 32. Kd2 Kf8 33. g3 Kf7 34. Kc1 Kf8 35. Kb2 b6 36. a4 Bxa4 37. Rxc4 Bb5 38. Rc8+ Kf7 39. c4 Ba4 40. Ka3 1-0

[Event "EU Small Nations Hybrid"]
[Site "Tornelo INT"]
[Date "2021.04.24"]
[Round "8.3"]
[White "Righi, Ezio"]
[Black "Apol, Luitjen Akselsson"]
[Result "0-1"]
[WhiteElo "1915"]
[BlackElo "2092"]
[PlyCount "40"]
[EventDate "2021.04.17"]
[EventType "tourn"]
[EventRounds "9"]
[EventCountry "NET"]
[SourceTitle "CBM 202 Extra"]
[Source "ChessBase"]
[SourceDate "2021.07.31"]
[SourceVersion "1"]
[SourceVersionDate "2021.07.31"]
[SourceQuality "1"]

1. e4 c5 2. Nf3 d6 3. d4 cxd4 4. Nxd4 Nf6 5. Nc3 a6 6. Be2 e5 7. Nb3 Be7 8. 0-0 0-0 9. Kh1 b6 10. Be3 Bb7 11. f3 Nbd7 12. Rf2 b5 13. a4 b4 14. Nd5 Nxd5 15. exd5 Nf6 16. Bc4 Rc8 17. Qd3 e4 18. fxe4 Ng4 19. Nd2 Bg5 20. Re2 Bxe3 0-1

[Event "EU Small Nations Hybrid"]
[Site "Tornelo INT"]
[Date "2021.04.23"]
[Round "7.3"]
[White "Berend, Fred"]
[Black "Righi, Ezio"]
[Result "1-0"]
[WhiteElo "2323"]
[BlackElo "1915"]
[PlyCount "73"]
[EventDate "2021.04.17"]
[EventType "tourn"]
[EventRounds "9"]
[EventCountry "NET"]
[SourceTitle "CBM 202 Extra"]
[Source "ChessBase"]
[SourceDate "2021.07.31"]
[SourceVersion "1"]
[SourceVersionDate "2021.07.31"]
[SourceQuality "1"]

1. e4 c5 2. Nf3 e6 3. d4 cxd4 4. Nxd4 a6 5. Bd3 Bc5 6. Nb3 Ba7 7. 0-0 Nc6 8. Qg4 Nf6 9. Qxg7 Rg8 10. Qh6 Ne5 11. Be2 Rg6 12. Qh4 b5 13. Bg5 Bb7 14. N1d2 h6 15. Bxf6 Rxf6 16. a4 Ng6 17. Qg4 Qb6 18. Qg3 Nf4 19. Bf3 e5 20. axb5 axb5 21. Qh4 0-0-0 22. Rxa7 Ng6 23. Rxb7 Kxb7 24. Qh5 d6 25. Qxh6 Rf4 26. g3 Rh8 27. Qg5 Rg8 28. Bg2 f6 29. Qh5 Qc7 30. Qe2 Qb6 31. c4 Rh4 32. cxb5 Rh7 33. Nc4 Qd8 34. Qd2 Qf8 35. Nba5+ Kc7 36. b6+ Kd7 37. Rd1 1-0

[Event "Online Olym Base B"]
[Site "Chess.com INT"]
[Date "2020.07.26"]
[Round "6.3"]
[White "Traore, Bakary"]
[Black "Righi, Ezio"]
[Result "1-0"]
[WhiteElo "2181"]
[BlackElo "1927"]
[PlyCount "43"]
[EventDate "2020.07.25"]
[EventType "team-tourn (rapid)"]
[EventRounds "9"]
[EventCountry "USA"]
[SourceTitle "CBM 198"]
[Source "ChessBase"]
[SourceDate "2020.10.31"]
[SourceVersion "1"]
[SourceVersionDate "2020.10.31"]
[SourceQuality "1"]
[WhiteTeam "Mali"]
[BlackTeam "San Marino"]
[WhiteTeamCountry "MLI"]
[BlackTeamCountry "SMR"]

1. e4 c5 2. Nf3 e6 3. d4 cxd4 4. Nxd4 a6 5. Bd3 Bc5 6. c3 Nc6 7. Be3 Qb6 8. 0-0 Nxd4 9. b4 Ne2+ 10. Qxe2 Bxe3 11. Qxe3 Qxe3 12. fxe3 b6 13. Nd2 d5 14. exd5 exd5 15. e4 Bb7 16. exd5 Bxd5 17. Rae1+ Ne7 18. Nc4 Be6 19. Nxb6 Rb8 20. Na4 0-0 21. Nc5 Rb6 22. Rxe6 1-0

[Event "Online Olym Base B"]
[Site "Chess.com INT"]
[Date "2020.07.25"]
[Round "3.5"]
[White "Righi, Ezio"]
[Black "James, Tondo"]
[Result "0-1"]
[WhiteElo "1927"]
[BlackElo "1900"]
[PlyCount "62"]
[EventDate "2020.07.25"]
[EventType "team-tourn (rapid)"]
[EventRounds "9"]
[EventCountry "USA"]
[SourceTitle "CBM 198"]
[Source "ChessBase"]
[SourceDate "2020.10.31"]
[SourceVersion "1"]
[SourceVersionDate "2020.10.31"]
[SourceQuality "1"]
[WhiteTeam "San Marino"]
[BlackTeam "Liberia"]
[WhiteTeamCountry "SMR"]
[BlackTeamCountry "LBR"]

1. e4 c5 2. Nf3 d6 3. d4 cxd4 4. Nxd4 Nf6 5. Nc3 g6 6. Be3 Bg7 7. f3 0-0 8. Qd2 Nc6 9. 0-0-0 d5 10. exd5 Nxd5 11. Nxc6 bxc6 12. Bd4 Bxd4 13. Qxd4 Qb6 14. Nxd5 cxd5 15. Qxd5 Be6 16. Qb5 Qe3+ 17. Kb1 Rab8 18. Qd3 Rfd8 19. Qxd8+ Rxd8 20. Rxd8+ Kg7 21. Bd3 Qg5 22. b3 Qxg2 23. Rc1 Qxh2 24. c4 a5 25. c5 a4 26. Rc3 a3 27. Bc2 Qe5 28. Rdd3 Bf5 29. Re3 Qh2 30. Re1 Qd2 31. Bxf5 Qb2# 0-1

[Event "EU Small Countries ol 6th"]
[Site "San Marino"]
[Date "2019.03.27"]
[Round "6.3"]
[White "Garcia Paolicchi, Raul"]
[Black "Righi, Ezio"]
[Result "1-0"]
[WhiteElo "2144"]
[BlackElo "2011"]
[PlyCount "39"]
[EventDate "2019.03.24"]
[EventType "team-tourn"]
[EventRounds "9"]
[EventCountry "SMR"]
[SourceTitle "CBM 189 Extra"]
[Source "ChessBase"]
[SourceDate "2019.06.03"]
[SourceVersion "1"]
[SourceVersionDate "2019.06.03"]
[SourceQuality "1"]
[WhiteTeam "Andorra"]
[BlackTeam "San Marino"]
[WhiteTeamCountry "AND"]
[BlackTeamCountry "SMR"]

1. d4 d5 2. c4 c6 3. cxd5 cxd5 4. Bg5 Nf6 5. Bxf6 gxf6 6. Nc3 Nc6 7. e3 e6 8. Rc1 Bd6 9. Nf3 Bd7 10. Bd3 Rc8 11. 0-0 Na5 12. Qe2 f5 13. Ne5 Nc6 14. f4 h5 15. Nxd7 Kxd7 16. Nxd5 exd5 17. Bxf5+ Ke7 18. Bxc8 Qxc8 19. Qb5 Ke6 20. e4 1-0

[Event "EU Small Countries ol 6th"]
[Site "San Marino"]
[Date "2019.03.25"]
[Round "2.5"]
[White "Florentiades, Michalis"]
[Black "Righi, Ezio"]
[Result "1/2-1/2"]
[WhiteElo "1994"]
[BlackElo "2011"]
[PlyCount "21"]
[EventDate "2019.03.24"]
[EventType "team-tourn"]
[EventRounds "9"]
[EventCountry "SMR"]
[SourceTitle "CBM 189 Extra"]
[Source "ChessBase"]
[SourceDate "2019.06.03"]
[SourceVersion "1"]
[SourceVersionDate "2019.06.03"]
[SourceQuality "1"]
[WhiteTeam "Cyprus"]
[BlackTeam "San Marino"]
[WhiteTeamCountry "CYP"]
[BlackTeamCountry "SMR"]

1. d4 d5 2. Bf4 Nf6 3. e3 g6 4. Nc3 c6 5. Qd2 Bg7 6. h4 h5 7. Nf3 Bf5 8. Ne5 Nfd7 9. Nf3 Nf6 10. Ne5 Nfd7 11. Nf3 1/2-1/2

[Event "Olympiad-43"]
[Site "Batumi"]
[Date "2018.10.04"]
[Round "10.4"]
[White "Righi, Ezio"]
[Black "Khalid, El Amin"]
[Result "1/2-1/2"]
[WhiteElo "2031"]
[BlackElo "2054"]
[PlyCount "145"]
[EventDate "2018.09.24"]
[EventType "team-swiss"]
[EventRounds "11"]
[EventCountry "GEO"]
[SourceTitle "CBM 187"]
[Source "ChessBase"]
[SourceDate "2018.12.11"]
[SourceVersion "1"]
[SourceVersionDate "2018.12.11"]
[SourceQuality "1"]
[WhiteTeam "San Marino"]
[BlackTeam "Sudan"]
[WhiteTeamCountry "SMR"]
[BlackTeamCountry "SUD"]

1. e4 g6 2. d4 Bg7 3. Nc3 d6 4. Be3 c6 5. Qd2 b5 6. a3 a6 7. Nf3 Nf6 8. h3 0-0 9. Be2 Qc7 10. Bh6 e5 11. Bxg7 Kxg7 12. dxe5 dxe5 13. Rd1 Nbd7 14. Qe3 Bb7 15. Nh2 Rad8 16. Bg4 Ng8 17. Bxd7 Rxd7 18. 0-0 Rfd8 19. Rxd7 Rxd7 20. Qc5 Qd6 21. Qxd6 Rxd6 22. Rd1 Rxd1+ 23. Nxd1 c5 24. f3 Ne7 25. Kf2 Nc6 26. Nf1 Kf6 27. Nfe3 Ke6 28. c3 Na5 29. Ke2 c4 30. g4 f6 31. Nc2 Nb3 32. Nf2 Nc5 33. Ne3 Na4 34. Nfd1 Kd6 35. Kd2 Nc5 36. Nf2 Ne6 37. Ng2 Bc8 38. Ke2 Nc5 39. Ne3 Be6 40. Kd2 Na4 41. Nfd1 a5 42. Ke2 Kc5 43. Kd2 Nb6 44. Ke2 b4 45. axb4+ axb4 46. Kd2 Kb5 47. Kc2 Nd7 48. Kd2 Nc5 49. Nf2 bxc3+ 50. bxc3 Ka4 51. Kc2 Kb5 52. Kd2 Nd7 53. Kc2 Kc5 54. Kd2 Nb6 55. Kc2 Nc8 56. Kd2 Nd6 57. Kc2 h6 58. Kd2 Kb5 59. Kc2 f5 60. Kd2 fxg4 61. Nfxg4 Nf7 62. h4 h5 63. Nf6 g5 64. hxg5 Nxg5 65. Nxh5 Nxf3+ 66. Kc1 Kc5 67. Nf6 Kd6 68. Kd1 Ng5 69. Kc2 Ke7 70. Nfd5+ Bxd5 71. exd5 Kd6 72. Nxc4+ Kxd5 73. Nxe5 1/2-1/2

[Event "EU Small Countries ol 5th"]
[Site "Andorra"]
[Date "2017.11.15"]
[Round "5.5"]
[White "Righi, Ezio"]
[Black "Hoegener, Claude"]
[Result "1-0"]
[WhiteElo "2039"]
[BlackElo "2118"]
[PlyCount "77"]
[EventDate "2017.11.12"]
[EventType "team-tourn"]
[EventRounds "9"]
[EventCountry "AND"]
[SourceTitle "CBM 181 Extra"]
[Source "ChessBase"]
[SourceDate "2017.12.12"]
[SourceVersion "1"]
[SourceVersionDate "2017.12.12"]
[SourceQuality "1"]
[WhiteTeam "San Marino"]
[BlackTeam "Luxembourg"]
[WhiteTeamCountry "SMR"]
[BlackTeamCountry "LUX"]

1. e4 e6 2. d4 d5 3. Nc3 Nf6 4. Bg5 Bb4 5. e5 h6 6. Be3 Ne4 7. Nge2 c5 8. f3 Nxc3 9. bxc3 cxd4 10. Qxd4 Nc6 11. Qg4 Bf8 12. Bd4 Qa5 13. Kf2 g6 14. f4 Qa3 15. h4 Qb2 16. Rc1 h5 17. Qf3 Ba3 18. g4 Qxa2 19. Re1 Qxc2 20. Bh3 hxg4 21. Bxg4 Bd7 22. h5 0-0-0 23. hxg6 Rxh1 24. Rxh1 Qxg6 25. Bh5 Qh7 26. Bg4 Qc2 27. Qh3 Bb2 28. Qe3 a5 29. Bb6 d4 30. cxd4 Rg8 31. Bf3 Nb4 32. Be4 Qa4 33. Rb1 Qb5 34. Bxa5 Qxa5 35. Rxb2 Nd5 36. Qb3 Qc7 37. Ra2 Qb8 38. Bxd5 exd5 39. Qxd5 1-0

[Event "EU Small Countries ol 4th"]
[Site "Saint Peter Port"]
[Date "2015.04.24"]
[Round "8.2"]
[White "Righi, Ezio"]
[Black "Frick, Renato"]
[Result "0-1"]
[WhiteElo "2041"]
[BlackElo "2068"]
[PlyCount "38"]
[EventDate "2015.04.19"]
[EventType "team-tourn"]
[EventRounds "9"]
[EventCountry "GCI"]
[SourceTitle "CBM 166 Extra"]
[Source "ChessBase"]
[SourceDate "2015.06.18"]
[SourceVersion "1"]
[SourceVersionDate "2015.06.18"]
[SourceQuality "1"]
[WhiteTeam "San Marino"]
[BlackTeam "Liechtenstein"]
[WhiteTeamCountry "SMR"]
[BlackTeamCountry "LIE"]

1. e4 c5 2. Nf3 Nc6 3. d4 cxd4 4. Nxd4 Nf6 5. Nc3 e5 6. Ndb5 d6 7. Nd5 Nxd5 8. exd5 Ne7 9. c3 Nf5 10. Bd3 Be7 11. Qa4 0-0 12. Qe4 g6 13. g4 Nh4 14. Bh6 Re8 15. h3 f5 16. Qc4 Nf3+ 17. Ke2 e4 18. Qc7 Ne5 19. Bc2 Bd7 0-1

[Event "Olympiad-41"]
[Site "Tromsoe"]
[Date "2014.08.09"]
[Round "7.1"]
[White "Righi, Ezio"]
[Black "Rahman, Ziaur"]
[Result "0-1"]
[WhiteElo "2085"]
[BlackElo "2523"]
[PlyCount "90"]
[EventDate "2014.08.02"]
[EventType "team-swiss"]
[EventRounds "11"]
[EventCountry "NOR"]
[SourceTitle "CBM 162"]
[Source "ChessBase"]
[SourceDate "2014.09.17"]
[SourceVersion "1"]
[SourceVersionDate "2014.09.17"]
[SourceQuality "1"]
[WhiteTeam "San Marino"]
[BlackTeam "Bangladesh"]
[WhiteTeamCountry "SMR"]
[BlackTeamCountry "BAN"]

1. e4 g6 2. d4 Bg7 3. Nc3 c6 4. Nf3 d6 5. Be3 Nf6 6. Qd2 Qa5 7. Bd3 Bg4 8. 0-0-0 Nbd7 9. h3 Bxf3 10. gxf3 b5 11. Kb1 b4 12. Ne2 c5 13. f4 c4 14. Bxc4 Nxe4 15. Qd3 Nef6 16. Ng3 d5 17. Bb5 Rb8 18. Bxd7+ Kxd7 19. Bd2 Qb5 20. Qxb5+ Rxb5 21. f5 Ne8 22. Bf4 Nd6 23. Bxd6 Kxd6 24. h4 e6 25. fxe6 fxe6 26. f4 Rf8 27. Ne2 Bh6 28. Rdf1 Rf5 29. Rh3 Rb7 30. c3 bxc3 31. Rxc3 Rh5 32. Rh3 g5 33. fxg5 Bxg5 34. Rfh1 Bf6 35. Kc2 Rf5 36. b3 Rg7 37. h5 Rf2 38. Kd3 Rgg2 39. Re1 h6 40. a3 Bg5 41. b4 Kc6 42. Ng1 Ra2 43. Rxe6+ Kb7 44. Re2 Rxa3+ 45. Kc2 Rxe2+ 0-1

[Event "EU Small Countries ol 3rd"]
[Site "Monte Carlo"]
[Date "2013.11.30"]
[Round "8"]
[White "Ziska, Helgi Dam"]
[Black "Righi, Ezio"]
[Result "1-0"]
[WhiteElo "2484"]
[BlackElo "2097"]
[PlyCount "57"]
[EventDate "2013.11.25"]
[EventType "team-tourn"]
[EventRounds "9"]
[EventCountry "MNC"]
[SourceTitle "CBM 157 Extra"]
[Source "ChessBase"]
[SourceDate "2013.12.19"]
[SourceVersion "1"]
[SourceVersionDate "2013.12.19"]
[SourceQuality "1"]
[WhiteTeam "Faroe Islands"]
[BlackTeam "San Marino"]
[WhiteTeamCountry "FAI"]
[BlackTeamCountry "SMR"]

1. e4 c5 2. Nf3 e6 3. d3 Nc6 4. g3 Bd6 5. Bg2 Nf6 6. 0-0 0-0 7. Re1 Bc7 8. c3 e5 9. Be3 d6 10. h3 a6 11. Nbd2 b5 12. Nh4 Bb6 13. Qf3 Be6 14. Bg5 Nb8 15. Nf5 Bxf5 16. exf5 Ra7 17. Ne4 Qe7 18. Nxf6+ gxf6 19. Bh6 Kh8 20. Bxf8 Qxf8 21. a4 b4 22. a5 Bd8 23. cxb4 cxb4 24. Rec1 Nd7 25. Rc8 Qe7 26. Qg4 Rc7 27. Rxc7 Bxc7 28. Qxb4 Nc5 29. Qc4 1-0

[Event "EU Small Countries ol 3rd"]
[Site "Monte Carlo"]
[Date "2013.11.29"]
[Round "7"]
[White "Righi, Ezio"]
[Black "Tandy, Chris"]
[Result "1/2-1/2"]
[WhiteElo "2097"]
[BlackElo "2196"]
[PlyCount "49"]
[EventDate "2013.11.25"]
[EventType "team-tourn"]
[EventRounds "9"]
[EventCountry "MNC"]
[SourceTitle "CBM 157 Extra"]
[Source "ChessBase"]
[SourceDate "2013.12.19"]
[SourceVersion "1"]
[SourceVersionDate "2013.12.19"]
[SourceQuality "1"]
[WhiteTeam "San Marino"]
[BlackTeam "Jersey"]
[WhiteTeamCountry "SMR"]
[BlackTeamCountry "GCI"]

1. e4 e5 2. Nf3 Nc6 3. Bb5 f5 4. d3 fxe4 5. dxe4 Nf6 6. 0-0 Bc5 7. Bg5 d6 8. Nc3 0-0 9. Nd5 Kh8 10. c3 a6 11. Bc4 Na5 12. Bd3 Ba7 13. b4 Nc6 14. Bc4 Be6 15. Bxf6 gxf6 16. Qd3 Ne7 17. Nxe7 Qxe7 18. Nh4 Qf7 19. Bxe6 Qxe6 20. Nf5 Rg8 21. a3 Rg6 22. Rad1 Rag8 23. g3 Re8 24. Qd5 Qxd5 25. Rxd5 1/2-1/2

[Event "EU Small Countries ol 3rd"]
[Site "Monte Carlo"]
[Date "2013.11.27"]
[Round "4"]
[White "Linster, Philippe"]
[Black "Righi, Ezio"]
[Result "1-0"]
[WhiteElo "2257"]
[BlackElo "2097"]
[PlyCount "57"]
[EventDate "2013.11.25"]
[EventType "team-tourn"]
[EventRounds "9"]
[EventCountry "MNC"]
[SourceTitle "CBM 157 Extra"]
[Source "ChessBase"]
[SourceDate "2013.12.19"]
[SourceVersion "1"]
[SourceVersionDate "2013.12.19"]
[SourceQuality "1"]
[WhiteTeam "Luxembourg"]
[BlackTeam "San Marino"]
[WhiteTeamCountry "LUX"]
[BlackTeamCountry "SMR"]

1. e4 c5 2. Nf3 e6 3. d4 cxd4 4. Nxd4 a6 5. Nc3 Qc7 6. Bd3 Bc5 7. Nb3 Be7 8. 0-0 Nf6 9. f4 d6 10. e5 Nfd7 11. Qg4 g6 12. exd6 Qxd6 13. Qe2 Nc6 14. Ne4 Qc7 15. c3 Nb6 16. Kh1 0-0 17. Bd2 Nd5 18. c4 Nf6 19. Bc3 Nxe4 20. Bxe4 Bb4 21. Qe1 Bxc3 22. Qxc3 b6 23. c5 Bb7 24. cxb6 Qxb6 25. Nc5 Rfc8 26. Nd7 Qa5 27. Qxa5 Nxa5 28. Bxb7 Nxb7 29. Nb6 1-0

[Event "EU Small Countries ol 3rd"]
[Site "Monte Carlo"]
[Date "2013.11.26"]
[Round "2"]
[White "Efimov, Igor"]
[Black "Righi, Ezio"]
[Result "1-0"]
[WhiteElo "2385"]
[BlackElo "2097"]
[PlyCount "71"]
[EventDate "2013.11.25"]
[EventType "team-tourn"]
[EventRounds "9"]
[EventCountry "MNC"]
[SourceTitle "CBM 157 Extra"]
[Source "ChessBase"]
[SourceDate "2013.12.19"]
[SourceVersion "1"]
[SourceVersionDate "2013.12.19"]
[SourceQuality "1"]
[WhiteTeam "Monaco"]
[BlackTeam "San Marino"]
[WhiteTeamCountry "MNC"]
[BlackTeamCountry "SMR"]

1. e4 c5 2. Nf3 e6 3. b3 d6 4. d4 cxd4 5. Qxd4 Nc6 6. Qe3 Nf6 7. Bb2 Be7 8. Be2 0-0 9. 0-0 a6 10. c4 Qc7 11. Nc3 Ng4 12. Qd2 Nge5 13. Ne1 b6 14. Rc1 Qb8 15. f4 Nd7 16. Nc2 Ra7 17. g4 Rd8 18. g5 Nf8 19. f5 f6 20. Ne3 Ne5 21. gxf6 Bxf6 22. fxe6 Nxe6 23. Ncd5 Bg5 24. Rf5 Rf8 25. Rcf1 Rxf5 26. exf5 Nc5 27. b4 Ne4 28. Qd4 Nf6 29. h4 Bxe3+ 30. Nxe3 Re7 31. Nd5 Nxd5 32. Qxd5+ Kh8 33. f6 gxf6 34. Bxe5 fxe5 35. Rf8+ Kg7 36. Qg8+ 1-0

[Event "EU Small Countries ol 3rd"]
[Site "Monte Carlo"]
[Date "2013.11.25"]
[Round "1"]
[White "Cilia Vincenti, David"]
[Black "Righi, Ezio"]
[Result "1-0"]
[WhiteElo "2136"]
[BlackElo "2097"]
[PlyCount "67"]
[EventDate "2013.11.25"]
[EventType "team-tourn"]
[EventRounds "9"]
[EventCountry "MNC"]
[SourceTitle "CBM 157 Extra"]
[Source "ChessBase"]
[SourceDate "2013.12.19"]
[SourceVersion "1"]
[SourceVersionDate "2013.12.19"]
[SourceQuality "1"]
[WhiteTeam "Malta"]
[BlackTeam "San Marino"]
[WhiteTeamCountry "MLT"]
[BlackTeamCountry "SMR"]

1. d4 c5 2. d5 g6 3. c4 Bg7 4. e4 d6 5. Nc3 Nf6 6. f3 0-0 7. Nge2 Na6 8. Ng3 e6 9. Be2 Nc7 10. 0-0 exd5 11. cxd5 Bd7 12. Bf4 Nfe8 13. a4 Bd4+ 14. Kh1 Qh4 15. Qd2 Qe7 16. Bh6 Ng7 17. Bg5 f6 18. Bh6 a6 19. a5 Rfe8 20. Bc4 Bxc3 21. bxc3 Bb5 22. Qd3 Qd7 23. f4 Qg4 24. Bxg7 Kxg7 25. Rf3 Qd7 26. Bxb5 axb5 27. f5 Qe7 28. fxg6 hxg6 29. Qd2 Qe5 30. Raf1 Rh8 31. Rxf6 Qxg3 32. Rf7+ Kg8 33. h3 Ne8 34. Rf8+ 1-0

[Event "Olympiad-39"]
[Site "Khanty-Mansiysk"]
[Date "2010.09.28"]
[Round "7.3"]
[White "Righi, Ezio"]
[Black "Cu Hor, Winston Darwin"]
[Result "0-1"]
[WhiteElo "2116"]
[BlackElo "2106"]
[PlyCount "76"]
[EventDate "2010.09.21"]
[EventType "team-swiss"]
[EventRounds "11"]
[EventCountry "RUS"]
[SourceTitle "CBM 139"]
[Source "ChessBase"]
[SourceDate "2010.11.18"]
[SourceVersion "1"]
[SourceVersionDate "2010.11.18"]
[SourceQuality "1"]
[WhiteTeam "San Marino"]
[BlackTeam "Guatemala"]
[WhiteTeamCountry "SMR"]
[BlackTeamCountry "GUA"]

1. e4 c5 2. Nf3 d6 3. d4 cxd4 4. Nxd4 Nf6 5. Nc3 a6 6. Be2 e5 7. Nb3 Be7 8. 0-0 Be6 9. f4 Qc7 10. g4 exf4 11. g5 Nfd7 12. Bxf4 Nc6 13. Nd5 Bxd5 14. exd5 Nce5 15. c4 0-0 16. Nd4 Rfe8 17. Rc1 Bf8 18. Kh1 Ng6 19. Bd3 Nde5 20. Bxe5 dxe5 21. Nf5 e4 22. Be2 Re5 23. Qb3 Rae8 24. Qh3 Qd8 25. Qg4 e3 26. Rf3 Re4 27. Qh5 Nf4 28. Rxf4 Rxf4 29. Qh3 g6 30. Ng3 Rf2 31. Qg4 Bd6 32. a3 Bxg3 33. hxg3 Re5 34. Rd1 Rxg5 35. Qd4 Rxg3 36. d6 Rh3+ 37. Kg1 Qg5+ 38. Bg4 Rg3+ 0-1

[Event "Olympiad-39"]
[Site "Khanty-Mansiysk"]
[Date "2010.09.27"]
[Round "6.3"]
[White "Righi, Ezio"]
[Black "Long, Peter"]
[Result "0-1"]
[WhiteElo "2116"]
[BlackElo "2302"]
[PlyCount "66"]
[EventDate "2010.09.21"]
[EventType "team-swiss"]
[EventRounds "11"]
[EventCountry "RUS"]
[SourceTitle "CBM 139"]
[Source "ChessBase"]
[SourceDate "2010.11.18"]
[SourceVersion "1"]
[SourceVersionDate "2010.11.18"]
[SourceQuality "1"]
[WhiteTeam "San Marino"]
[BlackTeam "Malaysia"]
[WhiteTeamCountry "SMR"]
[BlackTeamCountry "MAS"]

1. e4 c6 2. Nc3 d5 3. Nf3 Bg4 4. h3 Bxf3 5. Qxf3 Nf6 6. Be2 e6 7. e5 Nfd7 8. Qg3 a6 9. 0-0 c5 10. d3 Nc6 11. f4 g6 12. Kh1 Be7 13. Qf2 Nd4 14. Bd1 h5 15. Ne2 Nf5 16. c3 Nb8 17. d4 cxd4 18. cxd4 Nc6 19. Be3 Nb4 20. Qg1 Rc8 21. Bf2 Nd3 22. g3 Qa5 23. Kg2 Qd2 24. Rb1 Nxf2 25. Rxf2 Qd3 26. Rf3 Qd2 27. Ba4+ b5 28. Bd1 g5 29. Qf2 g4 30. hxg4 hxg4 31. Rb3 Bd8 32. Rc3 Rxc3 33. bxc3 Ne3+ 0-1